LEADER 01039nam 2200361 n 450 001 9910131667203321 005 20200421130100.0 010 $a88-596-0874-0 035 $a(CKB)3460000000087654 035 $a(ItFiC)it 02461453 035 $a(SSID)ssj0000813922 035 $a(PQKBManifestationID)12362967 035 $a(PQKBTitleCode)TC0000813922 035 $a(PQKBWorkID)10787706 035 $a(PQKB)10954053 035 $a(EXLCZ)993460000000087654 100 $a20110406d2010 uy e 101 0 $aita 181 $ctxt 182 $cc 183 $acr 200 00$aSigfrido Bartolini $efra luoghi e tempo la parola e l?immagine /$fintroduzione di Franco Cardini 210 $a[Firenze] $cPolistampa$d2010 215 $aP. 1-256 300 $aBibliographic Level Mode of Issuance: Monograph 517 $aSigfrido Bartolini 676 $a759 701 $aCardini$b Franco$037956 801 0$bItFiC 906 $aBOOK 912 $a9910131667203321 996 $aSigfrido Bartolini$92437911 997 $aUNINA LEADER 04260nam 22006255 450 001 9910155534003321 005 20200703162841.0 010 $a981-10-2522-3 024 7 $a10.1007/978-981-10-2522-8 035 $a(CKB)3710000000975067 035 $a(DE-He213)978-981-10-2522-8 035 $a(MiAaPQ)EBC4770696 035 $a(PPN)197454054 035 $a(EXLCZ)993710000000975067 100 $a20161215d2016 u| 0 101 0 $aeng 135 $aurnn|008mamaa 181 $ctxt$2rdacontent 182 $cc$2rdamedia 183 $acr$2rdacarrier 200 10$aArtificial Rearing of Reduviid Predators for Pest Management /$fby K. Sahayaraj, R. Balasubramanian 205 $a1st ed. 2016. 210 1$aSingapore :$cSpringer Singapore :$cImprint: Springer,$d2016. 215 $a1 online resource (XVI, 180 p. 26 illus., 13 illus. in color.) 311 $a981-10-2521-5 320 $aIncludes bibliographical references at the end of each chapters and index. 327 $aChapter 1. Reduviid: An Important Biological Control Agent -- Chapter 2. Feeding Behaviour Against Meridic Artificial Diet -- Chapter 3. Biology -- Chapter 4. Gut-Autochthonous Microbes and Their Enzyme Profile -- Chapter 5. Gut Enzyme Profile -- Chapter 6. Body Total Protein and Genomic DNA -- Chapter 7. Field Evaluation. 330 $aThis eye-opening book focuses on the development of techniques to mass-produce reduviid predators and important generalist predators, an endeavor that won?t prove sufficient if the cost of commercialization is prohibitive. Advancing mass production to the level of economic feasibility is critical, so that these new technologies can compete in the open market. This book commences with a review of the diversity of reduviid predators in agro-ecosystems world-wide, followed by chapters on their feeding behavior, biology, gut microbiota, their enzyme profile, body protein and genomics, and DNA and field evaluation reports. The field evaluation of reduviids, a worldwide undertaking, is addressed in the last chapter. Each chapter includes a separate conclusion and future recommendations. Detailed information is also included on ingredients and artificial diet preparation, storage and the impact on predators. The artificial rearing of reduviid predator for crop pest management is an essential reference and teaching tool for teachers, researchers and extension workers in developed and developing countries alike, allowing them to produce reduviid predators and important natural enemies in biocontrol and bio-intensive integrated pest management programs. The book offers an excellent resource for all those who are working on beneficial arthropod mass production. It is also an essential reference guide for agricultural and biological sciences scientists, entomologists, crop protection specialists, extension workers, and consultants. 606 $aPlant diseases 606 $aPlant breeding 606 $aTransgenic organisms 606 $aApplied ecology 606 $aAgriculture 606 $aPlant Pathology$3https://scigraph.springernature.com/ontologies/product-market-codes/L24035 606 $aPlant Breeding/Biotechnology$3https://scigraph.springernature.com/ontologies/product-market-codes/L24060 606 $aTransgenics$3https://scigraph.springernature.com/ontologies/product-market-codes/L25025 606 $aApplied Ecology$3https://scigraph.springernature.com/ontologies/product-market-codes/L19023 606 $aAgriculture$3https://scigraph.springernature.com/ontologies/product-market-codes/L11006 615 0$aPlant diseases. 615 0$aPlant breeding. 615 0$aTransgenic organisms. 615 0$aApplied ecology. 615 0$aAgriculture. 615 14$aPlant Pathology. 615 24$aPlant Breeding/Biotechnology. 615 24$aTransgenics. 615 24$aApplied Ecology. 615 24$aAgriculture. 676 $a571.92 700 $aSahayaraj$b K$4aut$4http://id.loc.gov/vocabulary/relators/aut$01062566 702 $aBalasubramanian$b R$4aut$4http://id.loc.gov/vocabulary/relators/aut 906 $aBOOK 912 $a9910155534003321 996 $aArtificial Rearing of Reduviid Predators for Pest Management$92526687 997 $aUNINA